000 00519nam a22001697a 4500
005 20240730094520.0
008 240730b |||||||| |||| 00| 0 eng d
020 _a9781484252833
082 _a006.78
_bFRE-E
100 _aAdam Freeman
245 _aEssential Angular for ASP.NET Core MVC 3:
_b Practical Guide to Successfully Using Both in Your Projects /
_cAdam Freeman
260 _aUSA:
_bWiley;
_c2017.
300 _a245 p. :
_bill;
_c24 cm.
500 _ainclude index.
650 _aNetworking
999 _c36233
_d36233